[Event "CZE-ch U12 Girls"]
[Site "Kouty nad Desnou"]
[Date "2020.03.12"]
[Round "7"]
[White "Ojrzynska, Klara"]
[Black "Stepanyshyn, Katerina"]
[Result "1-0"]
[WhiteElo "1057"]
[BlackElo "1077"]
[PlyCount "133"]
[EventDate "2020.03.07"]
[EventType "swiss"]
[EventRounds "7"]
[EventCountry "CZE"]
[SourceTitle "CBM 195 Extra"]
[Source "ChessBase"]
[SourceDate "2020.05.31"]
[SourceVersion "1"]
[SourceVersionDate "2020.05.31"]
[SourceQuality "1"]

1. e4 e5 2. Nf3 Nc6 3. Nc3 Nf6 4. Bb5 Bb4 5. d3 d6 6. 0-0 Bg4 7. h3 Bxf3 8. Qxf3 0-0 9. Bg5 Qe7 10. Nd5 Qd8 11. Nxf6+ Kh8 12. Nd5 Qxg5 13. Bxc6 bxc6 14. Nxb4 c5 15. Nc6 a6 16. Qg4 Qh6 17. Rfd1 a5 18. Qd7 Rac8 19. Nxa5 Rfd8 20. Qxf7 Rf8 21. Qd7 Qf4 22. Rf1 Qd2 23. Nc4 Qxc2 24. Ne3 Qxd3 25. Nf5 Rg8 26. Rfe1 Qc2 27. Qb5 d5 28. Qe2 Qxe2 29. Rxe2 d4 30. Ne7 d3 31. Rd2 Rcd8 32. Nxg8 Kxg8 33. Rc1 Rd4 34. Rxc5 Rxe4 35. Rxd3 Re1+ 36. Kh2 e4 37. Rd7 h6 38. Rdxc7 Kh7 39. Rc1 Re2 40. R7c2 Rxc2 41. Rxc2 h5 42. Re2 Kg6 43. Rxe4 Kf5 44. Rc4 g5 45. a4 g4 46. a5 h4 47. hxg4+ Kg5 48. a6 h3 49. Kxh3 Kh6 50. Rc5 Kg6 51. g5 Kg7 52. Rc6 Kf7 53. a7 Ke7 54. a8Q Kd7 55. g6 Ke7 56. Qb7+ Kd8 57. Qd7+ Kxd7 58. Rf6 Ke7 59. Rf3 Ke6 60. g7 Ke5 61. g8Q Ke4 62. Qe6+ Kd4 63. Re3 Kc5 64. Rd3 Kb4 65. Qc6 Ka5 66. Qb7 Ka4 67. Ra3# 1-0

[Event "CZE-ch U12 Girls"]
[Site "Kouty nad Desnou"]
[Date "2020.03.09"]
[Round "4"]
[White "Svacinova, Valentyna"]
[Black "Stepanyshyn, Katerina"]
[Result "1-0"]
[WhiteElo "1100"]
[BlackElo "1077"]
[PlyCount "95"]
[EventDate "2020.03.07"]
[EventType "swiss"]
[EventRounds "7"]
[EventCountry "CZE"]
[SourceTitle "CBM 195 Extra"]
[Source "ChessBase"]
[SourceDate "2020.05.31"]
[SourceVersion "1"]
[SourceVersionDate "2020.05.31"]
[SourceQuality "1"]

1. e4 d5 2. exd5 Nf6 3. d4 Nxd5 4. c4 Nf6 5. Be3 Nc6 6. Nf3 Bf5 7. Be2 e6 8. 0-0 Bd6 9. Nc3 0-0 10. a3 Ne4 11. Rc1 Qf6 12. b4 a5 13. c5 Be7 14. b5 Nd8 15. Nxe4 Bxe4 16. Bg5 Qg6 17. Bxe7 Re8 18. Bg5 f6 19. Bf4 c6 20. b6 Bf5 21. Nh4 Qf7 22. Nxf5 exf5 23. Bc7 Ne6 24. Bd6 Rad8 25. d5 cxd5 26. Qxd5 Nf4 27. Qxf7+ Kxf7 28. Bc4+ Kg6 29. Bxf4 Re4 30. Be3 f4 31. Rcd1 Rxd1 32. Rxd1 fxe3 33. Bd3 e2 34. Re1 f5 35. Bxe4 fxe4 36. Rxe2 Kf5 37. c6 bxc6 38. b7 c5 39. b8Q c4 40. Qc8+ Kf4 41. Qxc4 Ke5 42. Rxe4+ Kd6 43. Qd4+ Kc6 44. Re1 a4 45. Rc1+ Kb5 46. Qb4+ Ka6 47. Rb1 Ka7 48. Qb7# 1-0